000 10407nam a2200877 i 4500
001 991061596781406706
003 ES-BaIT
005 20260121135311.0
008 260121s1670 sp | d spa c
035 _a(OCoLC)on1334834372
040 _aES-BaIT
_bcat
_erda
_cES-BaIT
080 _a860-2"16"
130 _aComedias nuevas escogidas.
_9168112
245 0 0 _aParte treinta y tres de comedias nueuas, nunca impressas, escogidas de los mejores ingenios de España. Dedicada al doctor don Ivan Gonzalez a Zaragoça, cura, y beneficiado de la Villa de Ga[??]a, secretario del iIlustrissimo señor don Diego de Escolano, del Consejo de su Magestad, y arçovispo de Granada, & c.
246 3 3 _aParte treinta y tres de comedias nuevas, nunca impresas, escogidas de los mejores ingenios de España. Dedicada al doctor don Juan Gonzalez a Zaragoza, cura, y beneficiado de la Villa de Ga[??]a, secretario del ilustrisimo señor don Diego de Escolano, del Consejo de su Majestad, y arzovispo de Granada, & c.
264 1 _aCon licencia en Madrid :
_bpor Ioseph Fernandez de Buendia ;
_bA costa de Iuan Martin Merinero, mercader de libros. Vendese en su casa en la Puerta del Sol,
_cAño 1670
300 _a8 pàgines sense numeració, 451 pàgines, 1 pàgina final de colofó sense numeració ;
_c4t (21 cm)
336 _atext
_btxt
_2rdacontent
337 _asense mediació
_bn
_2rdamedia
338 _avolum
_bnc
_2rdacarrier
500 _aHi ha diferents estats d'aquesta edició
500 _aErrors de paginació: 29 per 25, 116 per 126, 117 per 127, 212 per 221, 248 per 268
500 _aText a dues columnes
505 8 _aConté: Del Sabio en su Retiro / de Don Iuan de Matos Fragoso, p. 1r.- 43r. Cuerdos ay que parecen Locos / de don Iuan de Zaualeta, p. 43r.-87r. La Romera de Santiago / del maestro Tirso de Molina, p. 87r.-126v. Las niñezes de Roldan / de Ioseph Roxo y Francisco de Villegas, p. 126v.-165r. Vida y muerte de la Monja de Portugal / del Doctor Mira de Mescua, p. 165r.-200v. El voto de Santiago y Batalla de Clauijo / de Don Rodrigo de Herrera, p. 201r.-233r. Perdida y Restauracion de la Baia de todos Santos / de Iuan Antonio Correa, p. 233r.-268v. El casamiento con zelos y Rey Don Pedro de Aragon / de Bartolomè de Anciso, p. 268v.-307r. Mateo Vizconde / de Don Iuan de Ayala, p. 307v.-340v. El mas dichoso Prodigio / de vn Ingenio desta Corte, p. 340v.-378v. El Fenix de Alemania, vida y muerte de Santa Cristina / de Don Iuan de Matos Fragoso, p. 378v.-407r. La mas heroyca fineza y fortunas de Isabela / de D. Iuan de Matos, Don Diego y Don Ioseph de Cordoua y Figueroa, p. 408v.-451r. Colofó
520 8 _aPortada amb dibuix xilogràfic
533 _aReproducció digital de les pàgines.307 a 340 disponible a Biblioescènic
593 _a
_b58636.
_cRelligat en mitja pell, llom decorat, en volum factici "Coleccion de comedias. Parte XXXIII. Madrid 1670". 58636-58648. Manquen la portada, els preliminars i fins a la p.42; i també p.451 i p. de colofó. Abans de la p.43 hi ha un primer full manuscrit que transcriu la portada. Alguns números de pàgina ratllats amb foliació manuscrita. Foliació de la biblioteca a llapis. Alguns marges malmesos, sobre tot els de les pàgines 59 a 95. Pàgines 447 i 449 restaurades. Pàgines finals amb senyals de corcs.
_fProcedència: Col·lecció Armando Cotarelo.
_hArtur Sedó
593 _b60158.
_cRelligat en pasta en volum factici: "Teatro antiguo español. 1 - Agr-Amo". 60155-60166. p.267-306. Manca la pàgina 307 original amb el text final de l'obra que s'ha substituït amb un full manuscrit que transcriu el text, però les dues darreres línies són afegides i no existeixen a la pàgina de l'edició original.
_fProcedència: Col·lecció Fernández Guerra.
_hArtur Sedó
593 _b60205.
_cRelligat en volum factici "Teatro antiguo español".
_hArtur Sedó
_fProcedència: Col·lecció Fernández Guerra
593 _b60450.
_cRelligat en pasta en volum factici: "Teatro antiguo español. 23 - Cie-Cre". 60436-60451. p.233-266. Manquen les p.267 i 268 de final del text. Amb full manuscrit que transcriu el text que falta d'aquestes pàgines.
_fProcedència: Col·lecció Fernández Guerra.
_hArtur Sedó
593 0 0 _b60567.
_cRelligat en pasta en volum factici: "Teatro antiguo español. 32 - Gom-Hoz". 60556-60570. p.201-233. Pàgina 201 amb estrip restaurat i segell "Colección teatral Arturo Sedó".
_fProcedència: Col·lecció Fernández Guerra.
_hArtur Sedó
593 _b60632.
_cRelligat en pasta, en volum factici: "Teatro antiguo español. 36 - Mar-Mat. 60621-60634". p.379-406, Fenix de Alemania (manca p.378).
_hArtur Sedó.
_f Procedència: Col·lecció Fernández Guerra
593 _b61027.
_cRelligat en pasta, en volum factici: "Teatro antiguo español. 63 - Tirso". 61021 a 61030. p.87-[126]. La numeració de la darrera pàgina és 116. Exemplar guillotinat per la part superior.
_hArtur Sedó.
_f Procedència: Col·lecció Fernández Guerra
593 0 0 _a
_b61050.
_cRelligat en pasta en volum factici: "Teatro antiguo español. 66 - Tres inge. 61047 a 61061". p.407-450 i colofó: Mas heroica fineza. Entre la p.448 i 449 hi ha una pàgina doblegada d'una altra edició d'antiquària sense identificar (p.346-347 amb l'inici de "De tetis y peleo : comedia famosa : fiesta qve se hizo a la serenissima señora Doña Maria Teresa de Austria / por Don Ioseph de Bolea"). Algunes pàgines porten el títol: La mas dichosa fineza.
_hArtur Sedó.
_f Procedència: Col·lecció Fernández Guerra.
593 0 0 _b61125.
_cRelligat en pasta en volum factici: "Teatro antiguo español. 71 - Un inge. 61125 a 61138". p.341-378. Amb full manuscrit inicial amb el còpia de l'inici de l'obra de la p.340.
_hArtur Sedó.
_fProcedència: Col·lecció Armando Cotarelo
593 _b61326.
_cRelligat en pasta en volum factici: "Teatro antiguo español. 86 - Zar-Zav". 61315 a 61327". p.43-86. Amb full manuscrit final amb el còpia del final del text de l'obra de la p.87 que manca, però la darrera frase és afegida i no existeix a la pàgina de l'edició original.
_fProcedència: Col·lecció Fernández Guerra.
_hArtur Sedó
593 _b61671.
_cRelligat en pasta en volum factici: "Teatro antiguo español. 98 - Sup-G-M". 61668 a 61681. p.201-232. Manca la pàgina 233 original amb el text final de l'obra que s'ha substituït amb un full manuscrit que transcriu el text, però la darrera frase és afegida i no existeix a la pàgina de l'edició original.
_fProcedència: Col·lecció Fernández Guerra.
_hArtur Sedó
593 0 0 _b60521.
_cRelligat en pasta en volum factici: "Teatro antiguo español. 29 - Dos inge". 60514 a 660525. p.117-164. Manca la pàgina 116 d'inici del text original i la pàgina final 165 de final del text, que s'han substituït amb un full manuscrit per a cada pàgina que transcriu el text, però la darrera frase de la pàgina manuscrita final és afegida i no existeix a la pàgina de l'edició original.
_fProcedència: Col·lecció Fernández Guerra.
_hArtur Sedó
700 1 _iContenidor de (obra):
_aMatos Fragoso, Juan de, 1608-1689
_d1608-1689.
_tDel sabio en su retiro
_9168079
700 1 _iContenidor de (obra):
_aZabaleta, Juan de,
_daproximadament 1626-aproximadament 1667.
_tCuerdos hay que parecen locos
_9168080
700 1 _iContenidor de (obra):
_aVélez de Guevara, Luis,
_d1579-1644.
_tRomera de Santiago
_9168081
700 1 _iContenidor de (obra):
_aVillegas, Francisco de.
_tNiñeces de Roldán
_9168082
700 1 _iContenidor de (obra):
_aMira de Amescua, Antonio,
_d1577-1644.
_tVida y muerte de la monja de Portugal
_9168083
700 1 _iContenidor de (obra):
_aHerrera y Ribera, Rodrigo de,
_dm.1641.
_tVoto de Santiago y batalla de Clavijo
_9168084
700 1 _iContenidor de (obra):
_aCorrea, Juan Antonio.
_tPerdida y restauración de la Bahía de Todos Santos
_9168085
700 1 _iContenidor de (obra):
_aEnciso, Bartolomé de.
_tCasamiento con celos y rey D. Pedro de Aragón
_9168086
700 1 _iContenidor de (obra):
_aAyala, Juan de
_c(Dramaturg),
_dS. XVII.
_tMateo Vizconde
_9168088
700 1 _iContenidor de (obra):
_aMatos Fragoso, Juan de,
_d1608-1689.
_tFenix de Alemania, vida y muerte de Santa Cristina
_9168091
700 1 _iContenidor de (obra):
_aMatos Fragoso, Juan de,
_d1608-1689.
_tMás heroica fineza y fortunas de Isabela
_9168092
700 1 _aMerinero, Juan Martín
_eeditor
_9168109
700 1 _aFernández de Buendía, José,
_dactiu 1644-1679,
_eimpressor
730 0 _aCol·lecció digital Biblioescènic del MAE
_969172
752 _aEspanya
_dMadrid
856 4 1 _zAccés lliure (BNE Digital)
_uhttp://bdh-rd.bne.es/viewer.vm?id=0000073739&page=1
856 4 1 _zAccés lliure (Biblioescènic)
_3Exemplar 58636, p.307-340: Mateo Vizconde
_uhttps://books.cdmae.cat/visorpdf/?recurs=SL%2058644
856 4 1 _zAccés lliure (Biblioescènic)
_3Exemplar 60205, p.307-340: Mateo Vizconde
_uhttps://books.cdmae.cat/visorpdf/?recurs=SL%2060205
856 4 2 _3Fitxa del catàleg manual
_uhttp://www.cdmae.cat/sedo/imgtitulos/053/P0001106.gif
856 4 2 _3Fitxa del catàleg manual
_uhttp://www.cdmae.cat/sedo/imgtitulos/044/P0000081.gif
856 4 2 _3Fitxa del catàleg manual
_uhttp://www.cdmae.cat/sedo/imgtitulos/044/P0000082.gif
856 4 2 _3Fitxa del catàleg manual
_uhttp://www.cdmae.cat/sedo/imgtitulos/029/P0001138.gif
856 4 2 _3Fitxa del catàleg manual
_uhttp://www.cdmae.cat/sedo/imgtitulos/043/P0001052.gif
856 4 2 _3Fitxa del catàleg manual
_uhttp://www.cdmae.cat/sedo/imgtitulos/043/P0001053.gif
856 4 2 _3Fitxa del catàleg manual
_uhttp://www.cdmae.cat/sedo/imgtitulos/043/P0001000.gif
856 4 2 _3Fitxa del catàleg manual
_uhttp://www.cdmae.cat/sedo/imgtitulos/043/P0001001.gif
856 4 2 _3Fitxa del catàleg manual
_uhttp://www.cdmae.cat/sedo/imgtitulos/061/P0000909.gif
856 4 2 _3Fitxa del catàleg manual
_uhttp://www.cdmae.cat/sedo/imgtitulos/018/P0001382.gif
856 4 2 _3Fitxa del catàleg manual
_uhttp://www.cdmae.cat/sedo/imgtitulos/049/P0000796.gif
856 4 2 _3Fitxa del catàleg manual
_uhttp://www.cdmae.cat/sedo/imgtitulos/049/P0000797.gif
902 _aFons antic
902 _aPatrimoni
908 _aCDMAE
940 _aCDMAE
942 _cDIGITAL
_2udc
999 _c136905
_d136905